Capitanes de la arena /

Guardado en:
Autor Principal: Amado, Jorge
Formato: Libro
Publicado: Buenos Aires : Losada, 1985
Edición:8a. ed.
Materias:
Etiquetas: Agregar Etiqueta
Sin Etiquetas, Sea el primero en etiquetar este registro!
LEADER 00555nam a22002055a 4500
001 CEM.cems000496
005 20060210000000.0
008 130507s1985##################000#0#####d
003 CEMS
082 0 4 |a B869.34 
100 1 |a Amado, Jorge 
245 1 0 |a Capitanes de la arena / 
250 |a 8a. ed. 
260 |a Buenos Aires :  |b Losada,  |c 1985 
300 |a 278 p. 
653 |a Literatura 
653 |a Literatura hispanoamericana 
653 |a Novela brasileÑa-siglo 20 
653 |a Novelas 
859 |a CEMS  |b BIB. CEMS - 11 de abril  |h B869.34  |i Am12a8  |p 14216.86  |t Ej.1